000 00318nam a2200121Ia 4500
008 220204s9999 xx 000 0 und d
082 _a581.5:001.814
_bPAN
100 _aPANDEYA, S C
245 0 _aResearch methods in plant ecology.
260 _aBombay
_bAsia Publishing
_c1968
650 _aPlant ecology
942 _cBK
999 _c21128
_d21128